[Event "Latin Cup"]
[Site "Montevideo"]
[Date "2011.11.05"]
[Round "7"]
[White "Lallana Yanez, Daniel"]
[Black "Pazdur, Martin"]
[Result "1/2-1/2"]
[WhiteElo "2003"]
[BlackElo "2230"]
[PlyCount "60"]
[EventDate "2011.11.01"]
[EventType "swiss"]
[EventRounds "9"]
[EventCountry "URU"]
[SourceTitle "EXT 2012"]
[Source "ChessBase"]
[SourceDate "2011.11.24"]
[SourceVersion "1"]
[SourceVersionDate "2011.11.24"]
[SourceQuality "1"]

1. c4 Nf6 2. d4 e6 3. Nc3 Bb4 4. Bd2 0-0 5. e3 d5 6. Rc1 c6 7. Nf3 Nbd7 8. Ne2 Bd6 9. Ng3 Ne4 10. Bd3 f5 11. a3 Nxd2 12. Nxd2 f4 13. e4 Qh4 14. Nf3 Qh6 15. e5 fxg3 16. exd6 gxf2+ 17. Kxf2 e5 18. cxd5 e4 19. Bxe4 Nf6 20. Re1 Ng4+ 21. Kg1 cxd5 22. Qb3 Kh8 23. Qxd5 Rxf3 24. Bxf3 Qxh2+ 25. Kf1 Bd7 26. Bxg4 Bxg4 27. Rc3 Rf8+ 28. Rf3 Qh1+ 29. Kf2 Qh4+ 30. Kf1 Qh1+ 1/2-1/2